Szektorális struktúrapolitika Németországban.

Základné východiská štruktúrnej politiky. Aplikácia na ekonomiku zjednoteného Nemecka. Ciele, základné koncepcie a objekty štruktúrnej politiky. Sektory ako základ ekonomickej prestavby. Kritika takto poňatého priebehu reformy, rast a mobilita ekonomiky za určitých podmienok. Politické pozadie súčas...

Descrizione completa

Salvato in:
Dettagli Bibliografici
Autore principale: Peters, H.R
Natura: Capitolo di libro
Lingua:ungherese
Soggetti:
Tags: Aggiungi Tag
Nessun Tag, puoi essere il primo ad aggiungerne!!

MARC

LEADER 00000naa a2200000 4500
001 r004963
005 20221125113752.2
041 0 |a hun 
044 |a HU 
245 1 0 |a Szektorális struktúrapolitika Németországban.  |c H.R. Peters 
520 |a Základné východiská štruktúrnej politiky. Aplikácia na ekonomiku zjednoteného Nemecka. Ciele, základné koncepcie a objekty štruktúrnej politiky. Sektory ako základ ekonomickej prestavby. Kritika takto poňatého priebehu reformy, rast a mobilita ekonomiky za určitých podmienok. Politické pozadie súčasných reformných úsilí v Nemecku. Predpoklady úspechu, kritika zo strany niektorých ekonómov bývalej NSR. 
610 2 0 |a politika hospodárska 
610 2 0 |a Nemecko 
610 2 0 |a zmeny štruktúrne 
610 2 0 |a reformy hospodárske 
100 1 |a Peters, H.R.